Agricultural engineers' handbook

Zapisane w:
Opis bibliograficzny
1. autor: C B Richey
Format: Książka
Język:Undetermined
Wydane: Philippines Phoenix Press, Inc 1961
Hasła przedmiotowe:
Etykiety: Dodaj etykietę
Nie ma etykietki, Dołącz pierwszą etykiete!
Thư viện lưu trữ: Trung tâm Học liệu Trường Đại học Cần Thơ
LEADER 00549nam a2200181Ia 4500
001 CTU_30074
008 210402s9999 xx 000 0 und d
082 |a 630 
082 |b R529 
100 |a C B Richey 
245 0 |a Agricultural engineers' handbook 
245 0 |c C B Richey, Carl W Hall, Paul Jacobson 
260 |a Philippines 
260 |b Phoenix Press, Inc 
260 |c 1961 
650 |a agricultural engineering,agriculture - handbooks, manual, etc 
904 |i Liên, 990226 
980 |a Trung tâm Học liệu Trường Đại học Cần Thơ